| 000 | 00903nam a2200313 4500 | ||
|---|---|---|---|
| 001 | 2208973 | ||
| 003 | DO-SdBNP | ||
| 005 | 20180226133609.0 | ||
| 007 | 2208973 | ||
| 008 | 960223s1993 sp | |||| ||spa | ||
| 016 | 7 |
_a _2BPMSU |
|
| 017 |
_a _b |
||
| 020 | _a8434822849 | ||
| 035 | _a | ||
| 040 |
_aBPMSU _bspa _cBPMSU _e |
||
| 041 | 1 |
_aspa _h |
|
| 080 | 0 | _a | |
| 100 | 1 | _aInkiow, Dimiter | |
| 240 | 1 | 4 |
_aDie Puppe, die ein Baby haben wollte _lEspañol |
| 245 | 1 | 0 |
_aMatrioska / _cDimiter Inkiow ; ilustraciones de Roser Rius ; traducción del alemán, Marinella Terzi |
| 250 | _a5ª ed. | ||
| 260 |
_aMadrid : _bSM, _c1993. |
||
| 300 |
_a59 p. : _bil. ; _c20 cm. |
||
| 490 | 1 |
_aEl barco de vapor. Serie blanca _v18 |
|
| 830 | 0 |
_aEl barco de vapor. _pSerie blanca _v18 |
|
| 942 |
_2ddc _cBK |
||
| 945 | _aInventariado, 2018 /LP | ||
| 956 |
_aVMATEO _b10 _c20151124 _hBPMSU _800151 |
||
| 999 |
_c8902 _d8902 |
||